000 00679nam a2200217 i 4500
001 90002
003 ES-MaACL
005 20230906180325.0
007 t|
008 050117s1982 sp ||||1| spa d
020 _a84-204-9001-6
100 1 _aLee, Ronald.
_971191
245 1 0 _aMaldito gitano
_b: una novela autobiográfica /
_cRonald Lee ; traducción de Alonso Carnicer MacDermott.
260 _a[Madrid] :
_bAlfaguara,
_c[1982]
300 _a260 p. :
_bil. ;
_c22 cm.
490 1 _aAlfaguara 15/20. Nostromo
700 1 _aCarnicer Macdermott, Alonso.
_9162081
830 1 _aAlfaguara 15/20. Nostromo
_9183223
852 _aES-MaACL
_jL-3672
999 _c90002
_d90002